15 Largest Cities in Asia with an Empty Map - Statistics

General Stats
  • This quiz has been taken 5,554 times
  • The average score is 14 of 15
Answers on the Map
Answers color-coded by a green-red scale on the quiz's map according to % correct below.
 
Answer Stats
Population City % Correct
21,100,000 Beijing
98%
39,500,000 Tokyo
98%
26,400,000 New Delhi
97%
30,900,000 Shanghai
96%
28,100,000 Jakarta
95%
23,200,000 Mumbai
95%
14,300,000 Istanbul
94%
24,400,000 Seoul
94%
16,900,000 Bangkok
93%
17,800,000 Osaka
92%
23,300,000 Manila
90%
17,600,000 Dhaka
87%
47,700,000 Guangzhou
85%
16,000,000 Kolkata
85%
24,300,000 Karachi
84%
No matching quizzes found
Score Distribution
Percent of People with Each Score
Percentile by Number Answered
Your Score History
You have not taken this quiz